Rethinking the Andes–Amazonia Divide (Record no. 29404)

MARC details
000 -LEADER
fixed length control field 00568nam a2200121Ia 4500
008 - FIXED-LENGTH DATA ELEMENTS--GENERAL INFORMATION
fixed length control field 220620s9999||||xx |||||||||||||| ||und||
245 #0 - TITLE STATEMENT
Title Rethinking the Andes–Amazonia Divide
Remainder of title A cross-disciplinary exploration
546 ## - LANGUAGE NOTE
Language note English[eng]
650 ## - SUBJECT ADDED ENTRY--TOPICAL TERM
Topical term or geographic name entry element Andes||Amazonia||South America||archaeology||linguistics||anthropology||history||rainforest||geneticists||ethnohistorians||historians
700 ## - ADDED ENTRY--PERSONAL NAME
Personal name Pearce, Adrian J.||Beresford-Jones, David G.||Heggarty, Paul
856 ## - ELECTRONIC LOCATION AND ACCESS
Uniform Resource Identifier <a href="https://library.oapen.org/bitstream/20.500.12657/51777/1/9781787357358.pdf">https://library.oapen.org/bitstream/20.500.12657/51777/1/9781787357358.pdf</a>
942 ## - ADDED ENTRY ELEMENTS (KOHA)
Koha item type E-Books
Holdings
Withdrawn status Lost status Damaged status Not for loan Home library Current library Date acquired Total Checkouts Date last seen Price effective from Koha item type
        Kerala University of Digital Sciences, Innovation and Technology Knowledge Centre Kerala University of Digital Sciences, Innovation and Technology Knowledge Centre 20/06/2022   20/06/2022 20/06/2022 E-Books